00627 a2200145 4500003000500000005001700005040000900022082001400031100002100045245007200066260003900138300001100177505028100188650001200469NUST20230120181621.0 cNust a745.4,CAR aCarrington, Noel a The Shape Of Things:bAn Introduction to Design /cNoel Carrington aLondonb Nicholson & Watsonsc1945 a190:p. aNature and Instruments of Design (Page-1), Taste and Fashion (Page-21), Common Utensils (Page-40), Furniture (Page-63), The House (Page-83), Vehicles and Travel (Page-109), The Countryside (Page-127), The City (Page-150), Artist and Machine (Page-172), Conclusion (Page-184).  a Design